Statistics for Select All That Are ____

Click here to take the quiz!

General Stats

  • This quiz has been taken 21 times
  • The average score is 16 of 20

Answer Stats

QuestionTileSelect% Correct
are The United States of America.Yes
100%
are The United States of America.No
100%
that are South Korea.Yes
100%
are France.Yes
95%
are the United Kingdom.No
95%
are The United States of America.No
95%
that are South Korea.No
95%
are the United Kingdom.Yes
95%
are France.Yes
95%
are The United States of America.Yes
84%
are the United Kingdom.Yes
79%
are Canada.No
79%
are Canada.Yes
74%
are Canada.Yes
74%
are Canada.No
68%
are the United Kingdom.Yes
63%
that are South Korea.No
63%
are France.No
63%
are France.Yes
32%
that are South Korea.No
26%

Score Distribution

Percentile by Number Answered

Percent of People with Each Score

Your Score History

You have not taken this quiz